| 000 | 01473cam a22003857a 4500 | ||
|---|---|---|---|
| 003 | CHAP | ||
| 005 | 20220329142124.0 | ||
| 008 | 990818d1999 mx r 00110 spa d | ||
| 010 | _a78767 | ||
| 011 | _a79739 | ||
| 035 | _a90134 | ||
| 040 | _cCHAP | ||
| 090 | _aTesis | ||
| 100 | 0 | 0 |
_aEspinosa Reyes, Enrique. _937982 |
| 245 | 1 | 0 |
_aEvaluación agrotécnica y tecnológico-explotativa de la cosechadora de cerales marca "penha" mocelo CLC 500, accionada por el tractor _c/por Enrique Espinosa Reyes y José Luis Reyes Eguren |
| 260 |
_aChapingo, Méx. : _bEl autor, _c1999. |
||
| 300 | _a130 h. | ||
| 502 | _aTesis (Ing. Mecánico Agrícola) -- UACH. Departamento de Ingeniería Mecánica Agrícola | ||
| 590 |
_aALEPH _b10 _c20130110 _lUCH01 _h1430 |
||
| 590 |
_aBATCH-UPD _b10 _c20130110 _lUCH01 _h0453 |
||
| 590 |
_aBATCH-UPD _b10 _c20130110 _lUCH01 _h2338 |
||
| 590 |
_aBATCH-UPD _b10 _c20130410 _lUCH01 _h0131 |
||
| 590 |
_aBATCH-UPD _b10 _c20130410 _lUCH01 _h1627 |
||
| 590 |
_aBATCH-UPD _b10 _c20130914 _lUCH01 _h1052 |
||
| 590 |
_aCONVERSION _b10 _c20130109 _lUCH01 _h1344 |
||
| 650 | 1 | 4 |
_aCosechadoras. _928442 |
| 650 | 1 | 4 |
_aMaquinaria agrícola _xValoración. _971205 |
| 700 | 0 |
_aReyes Eguren, José Luis. _996819 |
|
| 901 | _aBK | ||
| 905 | _aLilia Sánchez G. | ||
| 942 | _cFOLL | ||
| 949 |
_bBC _cTES _d33724000716395 _eTS2 _fc.2 _h34184 _i90134 _sb |
||
| 949 |
_bBC _cTES _d33724000756698 _eTS2 _fc.3 _h35417 _i90134 _sb |
||
| 949 |
_bBC _cTES _d901341 _eTS1 _h34183 _i90134 _sb |
||
| 999 |
_c78767 _d78767 |
||